02143cam a2200373Ia 4500999001500000001000900015003000600024005001700030008004100047020001500088020001800103035003800121040008300159050002400242090002300266100003200289245008100321250002000402260010700422300005300529336002600582337002800608338002700636500001900663505061300682505025001295650004501545650002501590650003901615650004501654650003901699700001901738942001201757 c9296d929648590606OCoLC20210111164130.0011213s2001 mnuab f 001 0 eng d a1850783578 a9781850783572 a(OCoLC)48590606z(OCoLC)458284491 aTWVbengcTWVdOCLdOCLCQdBAKERdYDXCPdHNWdSORdOCLCFdMXLdOCLCQdOCLdRCT 4aBV2063b.J5827 2001 aBV4811b.J596 20011 aJohnstone, Patrick J. St. G10aOperation world /cPatrick Johnstone and Jason Mandryk, with Robyn Johnstone a21st century ed a[Minneapolis, Minn.] :bBethany House ;aGerrards Cross, Bucks [England] :bWEC International,c©2001 axxiii, 798 pages :billustrations, maps ;c23 cm atextbtxt2rdacontent aunmediatedbn2rdamedia avolumebnc2rdacarrier aIncludes index0 aAfghanistan -- to -- Zimbabwe -- Specialized ministries: Audio cassette tape ministries -- Christian radio -- Christian television -- The Jesus film -- The internet -- Bible societies and Bible translation -- Christian literature -- Theological education by extension -- Bible correspondence courses -- Relief and development -- Medical mission work -- Missionary aviation -- Maritime ministry -- Christian tentmakers -- Short-term workers -- Student ministries -- Ministry to children -- Outreach to sects or cults -- Urban evangelization -- International cooperation -- Operation world -- The Lord's return0 aAppendices: Leaders of the world's nations -- Further prayer information -- Agencies (selected) -- The world's missionary force -- Abbreviations -- Definitions -- Operation World database -- Statistical sources -- other Operation World resources 0aMissionsvPrayers and devotionsxEnglish 0aDevotional calendars 0aReligionsvHandbooks, manuals, etc 0aChristian sectsvHandbooks, manuals, etc 0aGeographyvHandbooks, manuals, etc1 aMandryk, Jason 2ddccBK